00393nam a2200157Ia 45000010006000000050017000060080041000230410008000640820016000721000032000882450062001202600009001823000028001916500008002196540008002271883920260306171700.0260306s9999||||xx |||||||||||||| ||und|| aESP a658.5bR73P aRodrigo Illera, CarloseAUT 0aPrácticas de dirección y gestión de la producción c2011 a410 páginas :c24 cm. aGEN aCAN